<?xml version="1.0" encoding="UTF-8"?>
<collection xmlns="http://www.loc.gov/MARC21/slim">
 <record>
  <leader>00336pamaa2200133   4500</leader>
  <controlfield tag="001">0000023612</controlfield>
  <controlfield tag="005">20061115090000.0</controlfield>
  <datafield tag="020" ind1="0" ind2="0">
   <subfield code="a">0934971439 </subfield>
  </datafield>
  <datafield tag="090" ind1="0" ind2="0">
   <subfield code="a">PS3576.I57 </subfield>
   <subfield code="b">ZIS 1995</subfield>
  </datafield>
  <datafield tag="100" ind1="1" ind2="0">
   <subfield code="a">ZISKIN </subfield>
  </datafield>
  <datafield tag="245" ind1="1" ind2="4">
   <subfield code="a">The Adventures of Mona Pinsky  </subfield>
   <subfield code="c">Harriet Ziskin.</subfield>
  </datafield>
  <datafield tag="260" ind1="0" ind2="0">
   <subfield code="a">Oregon: </subfield>
   <subfield code="b">Calyx Books, </subfield>
   <subfield code="c">1995.</subfield>
  </datafield>
  <datafield tag="300" ind1=" " ind2=" ">
   <subfield code="a">145p.; </subfield>
   <subfield code="c">23cm.</subfield>
  </datafield>
  <datafield tag="650" ind1="0" ind2="0">
   <subfield code="a">Fiction </subfield>
  </datafield>
 </record>
</collection>
